Actas de las Terceras Jornadas de Patrimonio Arqueológico en la Comunidad de Madrid (Record no. 197790)

MARC details
000 -LEADER
campo de control de longitud fija 02660nmmaa2200409 i 4500
001 - NÚMERO DE CONTROL
campo de control 197790
003 - IDENTIFICADOR DE NÚMERO DE CONTROL
campo de control ES-MaACL
005 - FECHA Y HORA DE LA ÚLTIMA TRANSACCIÓN
campo de control 20251015213217.0
007 - CAMPO FIJO DE DESCRIPCIÓN FÍSICA--INFORMACIÓN GENERAL
campo de control de longitud fija c| ||||a||||||
008 - DATOS DE LONGITUD FIJA--INFORMACIÓN GENERAL
campo de control de longitud fija 250809e2009 sp |||||o||j o00| 0 spa
017 ## - NÚMERO DE COPYRIGHT O DE DEPÓSITO LEGAL
Número de copyright o de depósito legal M 19160-2009
Agencia que asigna Oficina Depósito Legal Madrid
020 ## - NÚMERO INTERNACIONAL ESTÁNDAR DEL LIBRO
Número Internacional Estándar del Libro 978-84-451-3207-4
040 ## - FUENTE DE CATALOGACIÓN
Lengua de catalogación spa
Centro/agencia transcriptor ES-MaACL
080 ## - NÚMERO DE LA CLASIFICACIÓN DECIMAL UNIVERSAL
Número de la Clasificación Decimal Universal 903(460.27)(063)
080 ## - NÚMERO DE LA CLASIFICACIÓN DECIMAL UNIVERSAL
Número de la Clasificación Decimal Universal 904(460.27)(063)
111 2# - ENTRADA PRINCIPAL--NOMBRE DE CONGRESO/REUNIÓN
Nombre de congreso/reunión o jurisdicción como elemento de entrada Jornadas de Patrimonio Arqueológico en la Comunidad de Madrid
Número del congreso/reunión o número de parte o sección (3ª.
Fecha del congreso o de la firma del tratado 2006.
Sede del congreso/Lugar de la reunión Madrid)
9 (RLIN) 241690
245 10 - MENCIÓN DEL TÍTULO
Título Actas de las Terceras Jornadas de Patrimonio Arqueológico en la Comunidad de Madrid
Medio [Recurso electrónico] :
Resto del título [celebradas en el Ateneo de Madrid durante los días 29 y 30 de noviembre y 1 de diciembre de 2006] /
Mención de responsabilidad, etc. [organización, Dirección General de Patrimonio Histórico, Área de Protección del Patrimonio Arqueológico, Paleontológico y Etnográfico ; Belén Martínez Díaz y Nicolás Benet]
260 ## - PUBLICACIÓN, DISTRIBUCIÓN, ETC.
Lugar de publicación, distribución, etc. [Madrid] :
Nombre del editor, distribuidor, etc. Dirección General de Patrimonio Histórico,
Fecha de publicación, distribución, etc. [2009]
300 ## - DESCRIPCIÓN FÍSICA
Extensión 354 páginas :
Otras características físicas ilustraciones (blanco y negro y color), mapas, planos ;
Dimensiones 24 cm
500 ## - NOTA GENERAL
Nota general Índice
504 ## - NOTA DE BIBLIOGRAFÍA, ETC.
Nota de bibliografía, etc. Referencias bibliográficas
505 ## - NOTA DE CONTENIDO CON FORMATO
Nota de contenido con formato Programa de las III Jornadas de Patrimonio Arqueológico en la Comunidad de Madrid. El ejercicio arqueológico en el modelo preventivo. Cada cosa en su sitio: últimas propuestas para mejorar el registro arqueológico. La II Edad del Hierro en la Comunidad de Madrid. Posters. En recuerdo de Charo Lucas
520 ## - RESUMEN, ETC.
Sumario, etc. Recoge las ponencias y comunicaciones presentadas en las Terceras Jornadas de Patrimonio en la Comunidad de Madrid, celebradas en el Ateneo de Madrid los días 29 y 30 de noviembre, y 1 de diciembre de 2006
530 ## - NOTA DISPONIBLE DE FORMULARIO FÍSICO ADICIONAL
Nota de formato físico adicional disponible Disponible en formato digital
600 14 - PUNTO DE ACCESO ADICIONAL DE MATERIA--NOMBRE DE PERSONA
Nombre de persona Lucas Pellicer, María Rosario,
Fechas asociadas al nombre 1938-2004
9 (RLIN) 193710
650 #4 - PUNTO DE ACCESO ADICIONAL DE MATERIA--TÉRMINO DE MATERIA
Término de materia o nombre geográfico como elemento de entrada Excavaciones arqueológicas-
Subdivisión geográfica Madrid (Comunidad Autónoma)
9 (RLIN) 141253
650 #4 - PUNTO DE ACCESO ADICIONAL DE MATERIA--TÉRMINO DE MATERIA
Término de materia o nombre geográfico como elemento de entrada Excavaciones arqueológicas-
Subdivisión de forma Congresos y asambleas
9 (RLIN) 172811
651 #4 - PUNTO DE ACCESO ADICIONAL DE MATERIA--NOMBRE GEOGRÁFICO
Nombre geográfico Madrid (Comunidad Autónoma)-
Subdivisión general Restos arqueológicos-
Subdivisión de forma Congresos y asambleas
9 (RLIN) 241693
700 1# - ENTRADA AGREGADA--NOMBRE PERSONAL
Nombre de persona Martínez Díaz, Belén
Término indicativo de función/relación Director
9 (RLIN) 241691
700 1# - ENTRADA AGREGADA--NOMBRE PERSONAL
Nombre de persona Benet, Nicolás
Término indicativo de función/relación Director
9 (RLIN) 241694
710 2# - ENTRADA AGREGADA--NOMBRE DE ENTIDAD CORPORATIVA
Nombre de entidad corporativa o nombre de jurisdicción como elemento de entrada Madrid (Comunidad Autónoma).
Unidad subordinada Área de Protección del Patrimonio Arqueológico, Paleontológico y Etnológico
Término indicativo de función/relación entidad responsable
9 (RLIN) 241699
710 2# - ENTRADA AGREGADA--NOMBRE DE ENTIDAD CORPORATIVA
Nombre de entidad corporativa o nombre de jurisdicción como elemento de entrada Ateneo de Madrid
Término indicativo de función/relación Sede
9 (RLIN) 1875
710 1# - ENTRADA AGREGADA--NOMBRE DE ENTIDAD CORPORATIVA
Nombre de entidad corporativa o nombre de jurisdicción como elemento de entrada Madrid (Comunidad Autónoma).
Unidad subordinada Dirección General de Patrimonio Histórico
Término indicativo de función/relación Editor
9 (RLIN) 161737
856 4# - LOCALIZACIÓN Y ACCESO ELECTRÓNICOS
Identificador Uniforme de Recursos <a href="https://gestiona3.madrid.org/bvirtual/BVCM002675.pdf">https://gestiona3.madrid.org/bvirtual/BVCM002675.pdf</a>
Texto de enlace Versión en línea
Nota pública (PublicaMadrid)
942 ## - ELEMENTOS DE ENTRADA SECUNDARIOS (KOHA)
Fuente del sistema de clasificación o colocación Clasificación decimal universal
Suprimir en OPAC No
Tipo de ítem Koha Archivo de ordenador en CD-ROM, CD o disquete

No items available.